00449nam a2200157Ia 4500008004100000020001400041082001500055100002500070245002400095250000700119260004500126300003000171500001900201600002100220650005000241240925s9999 xx 000 0 und d a138576084 a004.68 DAS aDasan ,Vasanthan S. 0aHands- On Internets aNA aNew Jersey:bPrintice- Hall Int.c,1998. axxiii,215p.bNAfOriginal aIncludes Index aComputer Science aComputer science, information & general works